000 00583nam a22002177a 4500
003 UA-OsUOA
001 54457
007 ta
008 20080612b un ||||| |||| 00| 0 ukr d
100 _aШтекль К.
090 _a101
_bШ-12
942 _cSA
040 _aUA-OsUOA
_brus
_cUA-OsUOA
_dUA-OsUOA
245 _aСинергийная антропология и свобода
300 _aС.68-82
955 _a0
041 _arus
080 _a101
773 0 _w54456
_tФилософские науки
_dМ.
_d2008
_g2
650 7 _a1 Філософські науки
_2UDC
999 _c340327
_d340327